| 000 | 00741nam a22002537a 4500 | ||
|---|---|---|---|
| 005 | 20251108170526.0 | ||
| 008 | 250721s2000 xx 000 0 ara d | ||
| 082 | 1 | 4 | _a745.619956/عبد |
| 100 | 1 | _aعبد السلام، أيمن | |
| 245 | 1 | 0 | _aموسوعة الخط العربي / |
| 264 | 1 |
_aعمان : _bدار أسامة للنشر و التوزيع، _c2000. |
|
| 300 | _a232ص. | ||
| 650 | 1 | 7 | _aالخط |
| 650 | 1 | 7 | _aالخط العربي |
| 650 | 1 | 7 | _aالكتابة |
| 650 | 1 | 7 | _aالخطوط العربية |
| 650 | 1 | 7 | _aالخط الديواني |
| 650 | 1 | 7 | _aخط الثلث |
| 650 | 1 | 7 | _aخط النسخ |
| 650 | 1 | 7 | _aخط الرقعة |
| 650 | 1 | 7 | _aالخط الكوفي |
| 942 |
_2ddc _cBK |
||
| 999 |
_c42653 _d42653 |
||